000 00399nam a22001457a 4500
005 20120530142841.0
020 _a8171771173
_c00
035 _aB-59480
037 _aDPL
_bENG
100 _aUjjannavar, S.S.
_948204
245 _aLaw of contract /
_cby S.S. Ujjannavar
260 _aCalcutta
_bEastern Law House
_c2000
300 _a438p.
_c20 cms.
942 _2ddc
_cEN
_h346.5402
_mUJJ
999 _c67349
_d67349